• Elías de Tejada, Francisco,

di Personal Name

Records bibliografici associati: 7

001 - CONTROL NUMBER

  • control field: 8962

003 - CONTROL NUMBER IDENTIFIER

  • control field: IT-RoINE

005 - DATE AND TIME OF LATEST TRANSACTION

  • control field: 20191213114030.0

008 - FIXED-LENGTH DATA ELEMENTS

  • fixed length control field: 140612|| aca||aabn | a|a d

040 ## - CATALOGING SOURCE

  • Original cataloging agency: IT-RoINE
  • Transcribing agency: IT-RoINE

100 1# - HEADING--PERSONAL NAME

  • Personal name: Elías de Tejada, Francisco,
  • Dates associated with a name: 1917-1978

400 1# - SEE FROM TRACING--PERSONAL NAME

  • Personal name: Elías de T. Spínola, Francisco,
  • Dates associated with a name: 1917-1978

400 1# - SEE FROM TRACING--PERSONAL NAME

  • Personal name: Elías de Tejada, F.‏,
  • Dates associated with a name: 1917-1978

400 1# - SEE FROM TRACING--PERSONAL NAME

  • Personal name: Elías de Tejada Spínola, Francisco‏,
  • Dates associated with a name: 1917-1978

400 1# - SEE FROM TRACING--PERSONAL NAME

  • Personal name: Elías de Tejada y Spínola, Francisco‏,
  • Dates associated with a name: 1917-1978

400 1# - SEE FROM TRACING--PERSONAL NAME

  • Personal name: Tejada, Francisco Elías de,
  • Dates associated with a name: 1917-1978

400 1# - SEE FROM TRACING--PERSONAL NAME

  • Personal name: Tejada Spínola, Francisco Elías de‏,
  • Dates associated with a name: 1917-1978

400 1# - SEE FROM TRACING--PERSONAL NAME

  • Personal name: Tejada y Spínola, Francisco Elías de,
  • Dates associated with a name: 1917-1978

670 ## - SOURCE DATA FOUND

  • Source citation: Work cat.: (IT-RoINE): Elías de Tejada y Spínola, Francisco, 1917-1978, El Señorio de Vizcaya : (hasta 1812) /, 1963.